000 00576nam a2200181 i 4500
001 22361
003 ES-MaACL
005 20250930063036.0
007 t|
008 021202s1913 sp ||||1| spa d
100 1 _aAlonso Cortés, Narciso,
_d1875-1972
_920277
245 1 0 _aDon Hernando de Acuña
_b: noticias biográficas /
_cNarciso Alonso Cortés.
260 _aValladolid :
_b[s.n.],
_c1913 (
_fViuda de Montero)
300 _a154 p. ;
_c18 cm.
600 1 4 _aAcuña, Hernando de,
_d1518-ca.1580
_918337
852 _aES-MaACL
_jF-11276
999 _c22361
_d22361